01681nam a2200229 a 4500001001500000005001700015008004100032020002700073020003000100100002100130245010000151250001200251260005900263300002100322520085400343700002601197700001301223700001501236856007701251999001501328952010801343ASIN007722140020140613022252.0140613s2008 xxu eng d a0077221400 (hardcover) a9780077221409 (hardcover)1 aBeer, Ferdinand.10aMechanics of materials /cFerdinand Beer, Jr., E. Russell Johnston, John DeWolf, David Mazurek. a5th ed. a[S.l.] :bMcGraw-Hill Science/Engineering/Math,c2008. a816 p. ;c26 cm. aAt McGraw-Hill, we believe Beer and Johnston’s Mechanics of Materials is the uncontested leader for the teaching of solid mechanics. Used by thousands of students around the globe since it’s publication in 1981, Mechanics of Materials , provides a precise presentation of the subject illustrated with numerous engineering examples that students both understand and relate to theory and application. The tried and true methodology for presenting material gives your student the best opportunity to succeed in this course. From the detailed examples, to the homework problems, to the carefully developed solutions manual, you and your students can be confident the material is clearly explained and accurately represented. If you want the best book for your students, we feel Beer, Johnston’s Mechanics of Materials , 5th edition is your only ch aJohnston, Jr., E. Rus aDeWolf,  aMazurek, D 3Amazon.comuhttp://www.amazon.com/exec/obidos/ASIN/0077221400/chopaconli c6441d6441 00104070aQUESTCLbREFd2014-06-13g966.00l1o620.112BEEp42861r2015-06-03 00:00:00s2015-01-20yBK